Fenêtre en trompe-l’œil (photo) (notice n° 1605390)

détails MARC
000 -LEADER
fixed length control field 01214cam a2200181 4500500
005 - DATE AND TIME OF LATEST TRANSACTION
control field 20251228095029.0
041 ## - LANGUAGE CODE
Language code of text/sound track or separate title fre
042 ## - AUTHENTICATION CODE
Authentication code dc
100 10 - MAIN ENTRY--PERSONAL NAME
Personal name Lévi, Florence
Relator term author
245 00 - TITLE STATEMENT
Title Fenêtre en trompe-l’œil (photo)
260 ## - PUBLICATION, DISTRIBUTION, ETC.
Date of publication, distribution, etc. 2016.<br/>
500 ## - GENERAL NOTE
General note 54
520 ## - SUMMARY, ETC.
Summary, etc. Proposition ludique, sous forme de quizz, concernant trois zones d’ombre portée par ses contemporains sur la vie et la mort de Jean-Jacques Rousseau, « l’homme de la vérité ». Sait-on bien aujourd’hui démêler le vrai du faux ?
520 ## - SUMMARY, ETC.
Summary, etc. This text is a merry quizz on three grey areas shed by Rousseau’s contemporaries on his life and death. Are we now really able to untangle what is true and what is false in the life of this “man of truth”?
520 ## - SUMMARY, ETC.
Summary, etc. Proposta lúdica sob forma de quizz sobre três vertentes obscuras da vida e da morte de Jean-Jacques Rousseau, “o homem da verdade”, que perturbaram os seus próprios contemporâneos e em relação às quais continua a ser problemático distinguir o verdadeiro do falso.
786 0# - DATA SOURCE ENTRY
Note Sigila | 38 | 2 | 2016-10-03 | p. 153-153 | 1286-1715
856 41 - ELECTRONIC LOCATION AND ACCESS
Uniform Resource Identifier <a href="https://shs.cairn.info/revue-sigila-2016-2-page-153?lang=fr&redirect-ssocas=7080">https://shs.cairn.info/revue-sigila-2016-2-page-153?lang=fr&redirect-ssocas=7080</a>

Pas d'exemplaire disponible.

PLUDOC

PLUDOC est la plateforme unique et centralisée de gestion des bibliothèques physiques et numériques de Guinée administré par le CEDUST. Elle est la plus grande base de données de ressources documentaires pour les Étudiants, Enseignants chercheurs et Chercheurs de Guinée.

Adresse

627 919 101/664 919 101

25 boulevard du commerce
Kaloum, Conakry, Guinée

Réseaux sociaux

Powered by Netsen Group @ 2025